rodzaje czekolad milka - Statystyki

Ogólne statystyki
  • Ten quiz został rozwiązany 105 razy
  • Średni wynik to 6 z 19
Statystyki odpowiedzi
Odpowiedź % Poprawnych
mleczna
92%
oreo
80%
truskawkowa
74%
biała
66%
orzechowa
59%
karmelowa
49%
malinowa
41%
jogurtowa
20%
lu
17%
tuc
16%
daim
15%
bubbly
14%
happy cow
9%
delicate dark
5%
bubbly white
2%
oreo choco
2%
delicate dark słony karmel
1%
oreo sandwich
1%
oreo biała
0%
Nie znaleziono quizów pasujących do podanych kryteriów
Rozkład punktacji
Procent ludzi z każdym wynikiem
Percentyl według liczby udzielonych odpowiedzi
Twoja historia wyników
Nie rozwiązałeś tego quizu